000 00680nam a2200241Ia 4500
003 OSt
005 20220918180040.0
006 a|||||r|||| 00| 0
007 ta
008 220917b |||||||| |||| 00| 0 eng d
024 _a20,356
037 _cTextual
040 _aARTS
_cARTS
_beng
041 _2eng
_aeng
082 _aO111,1:g(zM), L5
100 _aBanerjee A.
_926944
245 0 _aSpirit above wars
_b a study of the English poetry of the two world wars
260 _aDelhi
_bMacmillan Company
_c1975
300 _a231p.
_ccm.
650 _aENGLISH LITERATURE
942 _hO111,1:g(zM), L5
_cTEXL
_2CC
999 _c160090
_d160090